[Event "Modra Slovakia op"]
[Site "Modra"]
[Date "2024.03.04"]
[Round "6"]
[White "Novomeska, Karin"]
[Black "Smetana, Peter"]
[Result "1/2-1/2"]
[WhiteElo "1929"]
[BlackElo "1993"]
[PlyCount "51"]
[EventDate "2024.03.01"]
[EventType "swiss"]
[EventRounds "9"]
[EventCountry "SVK"]
[SourceTitle "CBM 219 Extra"]
[Source "ChessBase"]
[SourceDate "2024.05.31"]
[SourceVersion "1"]
[SourceVersionDate "2024.05.31"]
[SourceQuality "1"]

1. d4 Nf6 2. Nf3 c5 3. d5 g6 4. c4 b5 5. Nfd2 bxc4 6. e4 d6 7. Nc3 Bg7 8. Nxc4 0-0 9. Be2 Nbd7 10. 0-0 Nb6 11. Re1 Nxc4 12. Bxc4 Nd7 13. Qc2 Rb8 14. b3 Ne5 15. Be2 f5 16. Bb2 fxe4 17. Nxe4 Bf5 18. f4 Bxe4 19. Qxe4 Rb4 20. Bc4 Nf3+ 21. Qxf3 Bxb2 22. Rad1 Bf6 23. g4 Be5 24. Re4 g5 25. f5 Kg7 26. Kg2 1/2-1/2

[Event "Modra Slovakia op"]
[Site "Modra"]
[Date "2024.03.01"]
[Round "1"]
[White "Smetana, Peter"]
[Black "Visvader, Kristof"]
[Result "1/2-1/2"]
[WhiteElo "1993"]
[BlackElo "1696"]
[PlyCount "63"]
[EventDate "2024.03.01"]
[EventType "swiss"]
[EventRounds "9"]
[EventCountry "SVK"]
[SourceTitle "CBM 219 Extra"]
[Source "ChessBase"]
[SourceDate "2024.05.31"]
[SourceVersion "1"]
[SourceVersionDate "2024.05.31"]
[SourceQuality "1"]

1. e4 e5 2. Nf3 Nc6 3. Nc3 Nf6 4. d4 d6 5. Bb5 Bd7 6. Bxc6 Bxc6 7. Qd3 exd4 8. Nxd4 Qd7 9. 0-0 0-0-0 10. b4 Qe8 11. Re1 d5 12. b5 dxe4 13. Qc4 Bd5 14. Qa4 Bc5 15. Be3 Ng4 16. h3 Nxe3 17. fxe3 Qe5 18. Nxd5 Rxd5 19. c3 f5 20. Rf1 Rf8 21. Rad1 f4 22. Rxf4 Rxf4 23. exf4 Qxf4 24. Qc4 Rg5 25. Qg8+ Kd7 26. Qe6+ Kd8 27. Qg8+ Kd7 28. Qe6+ Kd8 29. Rf1 Qe5 30. Qg8+ Qe8 31. Qc4 Qd7 32. Qg8+ 1/2-1/2

[Event "SVK-chT1E 2223"]
[Site "Slovakia"]
[Date "2024.02.04"]
[Round "9.4"]
[White "Holly, Andrej"]
[Black "Smetana, Peter"]
[Result "0-1"]
[WhiteElo "2206"]
[BlackElo "1923"]
[PlyCount "98"]
[EventDate "2023.10.21"]
[EventType "team-tourn"]
[EventRounds "11"]
[EventCountry "SVK"]
[SourceTitle "EXT 2025"]
[Source "ChessBase"]
[SourceDate "2024.10.14"]
[SourceVersion "1"]
[SourceVersionDate "2024.10.14"]
[SourceQuality "1"]
[WhiteTeam "Liptov Chess School II"]
[BlackTeam "Humenne Reinter II"]
[WhiteTeamCountry "SVK"]
[BlackTeamCountry "SVK"]

1. e4 c5 2. Nf3 d6 3. d4 cxd4 4. Nxd4 Nc6 5. Nc3 e5 6. Nxc6 bxc6 7. Bc4 Nf6 8. 0-0 Be7 9. Qd3 0-0 10. Be3 Bb7 11. Rad1 Qc7 12. Bc1 Rad8 13. Qf3 Qa5 14. Bg5 Rd7 15. Rd3 Qc5 16. b3 h6 17. Bxf6 Bxf6 18. Qf5 Bc8 19. Rg3 Bg5 20. Na4 Qa5 21. Rxg5 hxg5 22. Qxg5 Qd8 23. Qg3 Qf6 24. f4 Re7 25. f5 Bb7 26. Qf3 Rd8 27. Bd3 Rc7 28. g4 Qh4 29. Qg2 Kf8 30. g5 Ke8 31. Rd1 Qf4 32. g6 Qe3+ 33. Kh1 f6 34. Qd2 Qxd2 35. Rxd2 Ke7 36. Re2 Rh8 37. c4 Rh3 38. Rd2 c5 39. Nc3 Bc6 40. Kg2 Rh5 41. Nd5+ Bxd5 42. cxd5 Rc8 43. Kg3 Rch8 44. Bf1 Rg5+ 45. Kf3 Rg1 46. Rf2 Rh4 47. Ke3 Rgg4 48. Bd3 Rh3+ 49. Ke2 Rgh4 0-1

[Event "SVK-chT1E 2223"]
[Site "Slovakia"]
[Date "2024.01.13"]
[Round "7.5"]
[White "Smetana, Peter"]
[Black "Stec, Juraj"]
[Result "1-0"]
[WhiteElo "1923"]
[BlackElo "1910"]
[PlyCount "113"]
[EventDate "2023.10.21"]
[EventType "team-tourn"]
[EventRounds "11"]
[EventCountry "SVK"]
[SourceTitle "EXT 2025"]
[Source "ChessBase"]
[SourceDate "2024.10.14"]
[SourceVersion "1"]
[SourceVersionDate "2024.10.14"]
[SourceQuality "1"]
[WhiteTeam "Humenne Reinter II"]
[BlackTeam "Kosice Slavia TU"]
[WhiteTeamCountry "SVK"]
[BlackTeamCountry "SVK"]

1. e4 c6 2. Nc3 d5 3. Nf3 Bg4 4. h3 Bxf3 5. Qxf3 Nf6 6. g3 dxe4 7. Nxe4 Nxe4 8. Qxe4 Qd5 9. Bg2 Qxe4+ 10. Bxe4 Nd7 11. 0-0 e6 12. d4 Be7 13. c4 Nf6 14. Bf3 0-0 15. Be3 Rfd8 16. Rfd1 Rd7 17. a3 Rad8 18. Kf1 h6 19. Ke2 a6 20. Rd2 Bd6 21. Rad1 Bb8 22. Rd3 Kf8 23. Bg2 e5 24. dxe5 Bxe5 25. Rxd7 Rxd7 26. Rxd7 Nxd7 27. b4 Bd6 28. Kd3 a5 29. c5 Bc7 30. f4 axb4 31. axb4 Ke7 32. b5 Nb8 33. Bd4 f6 34. b6 Bd8 35. Be4 Ke6 36. g4 Nd7 37. Bf5+ Ke7 38. Ke4 Ke8 39. Bg6+ Kf8 40. Bf5 Ke8 41. Bxd7+ Kxd7 42. Kf5 Ke7 43. Kg6 Kf8 44. h4 Kg8 45. g5 hxg5 46. fxg5 fxg5 47. hxg5 Be7 48. Kf5 Bd8 49. g6 Kf8 50. Ke6 Bg5 51. Kd7 Bf6 52. Be3 Be5 53. Bg5 Bf6 54. Bxf6 gxf6 55. Ke6 f5 56. Kxf5 Kg7 57. Ke6 1-0

[Event "SVK-chT2D 2324"]
[Site "Slovakia"]
[Date "2023.12.02"]
[Round "5.6"]
[White "Smetana, Peter"]
[Black "Koval, Daniel"]
[Result "1/2-1/2"]
[WhiteElo "1923"]
[BlackElo "2017"]
[PlyCount "54"]
[EventDate "2023.10.07"]
[EventType "team-tourn"]
[EventRounds "11"]
[EventCountry "SVK"]
[SourceTitle "EXT 2025"]
[Source "ChessBase"]
[SourceDate "2024.10.14"]
[SourceVersion "1"]
[SourceVersionDate "2024.10.14"]
[SourceQuality "1"]
[WhiteTeam "Humenne Reinter III"]
[BlackTeam "Presov Tatran Dason"]
[WhiteTeamCountry "SVK"]
[BlackTeamCountry "SVK"]

1. e4 e6 2. d4 d5 3. Nc3 dxe4 4. Nxe4 Nd7 5. Nf3 Ngf6 6. Nxf6+ Nxf6 7. Bd3 Be7 8. Be3 0-0 9. Qd2 b6 10. 0-0-0 Bb7 11. Kb1 Qc8 12. Rhg1 c5 13. dxc5 Bxc5 14. Bxc5 Qxc5 15. Ng5 h6 16. Nh3 e5 17. f3 Rad8 18. Qe2 Rfe8 19. Nf2 Nd5 20. Ne4 Qc7 21. g3 Nb4 22. Nf2 Nxd3 23. Nxd3 e4 24. fxe4 Bxe4 25. Rge1 Bc6 26. Qf2 Rxe1 27. Rxe1 Re8 1/2-1/2